Daňové změny zvýší firmám náklady

Schválené zmeny v oblasti nepriamych daní, t. j. v oblasti spotrebnej dane a dane z pridanej hodnoty, prinesú zvýšené nároky na úpravu jednotlivých prvkov v logistickom reťazci. Všetky podnikateľské subjekty ponesú vyššie náklady. Z dôvodu boja s daňovými únikmi bolo zavedené kontrolné hlásenie, tak...

Ausführliche Beschreibung

Gespeichert in:
Bibliographische Detailangaben
1. Verfasser: Mareš, Milan
Format: Buchkapitel
Sprache:Tschechisch
Schlagworte:
Tags: Tag hinzufügen
Keine Tags, Fügen Sie das erste Tag hinzu!

MARC

LEADER 00000naa a2200000 4500
001 0197465
005 20231211080534.5
041 0 |a cze 
044 |a CZ 
245 1 0 |a Daňové změny zvýší firmám náklady  |c Milan Mareš 
520 |a Schválené zmeny v oblasti nepriamych daní, t. j. v oblasti spotrebnej dane a dane z pridanej hodnoty, prinesú zvýšené nároky na úpravu jednotlivých prvkov v logistickom reťazci. Všetky podnikateľské subjekty ponesú vyššie náklady. Z dôvodu boja s daňovými únikmi bolo zavedené kontrolné hlásenie, tak ako je to aj na Slovensku. 
610 2 0 |a dane spotrebné 
610 2 0 |a dane z hodnoty pridanej 
610 2 0 |a zdaňovanie 
610 2 0 |a únik daňový 
610 2 0 |a novelizácia 
610 2 0 |a Česko 
100 1 |a Mareš, Milan